| 000 | 03642nam a2200277 4500 | ||
|---|---|---|---|
| 003 | DO-SdBJH | ||
| 005 | 20260701213932.0 | ||
| 008 | 260630b2025 |||||||| |||| 00| 0 spa d | ||
| 040 |
_aDO-SdBJH _bspa _cDO-SdBJH |
||
| 041 | 0 | _aspa | |
| 090 |
_aCT CM-0003 _bAMBC 2025 |
||
| 100 | 1 |
_aCorporán Nolasco, Josías Alberto _esustentante |
|
| 245 | 1 | 0 |
_aPropuesta de actualización de normativas que sustentan al derecho castrense en República Dominicana, en aplicación al Ejército de la República Dominicana ERD / _cJosías Alberto Corporán Nolasco, Adicknson Colas ; asesor de contenido Joaquincito Bocio Familia ; asesor metodológico David Aguiar. |
| 260 |
_aSanto Domingo, República Dominicana : _bUNADE, _c2025. |
||
| 300 | _axii, 52, [03] páginas. | ||
| 502 | _aTesis y trabajos de grado (Licenciado en Ciencias Militares)--Universidad Nacional para la Defensa "General Juan Pablo y Díez", Academia Militar "Batalla de las Carreras", Santo Domingo, 2025. | ||
| 504 | _aIncluye referencias bibliográficas y anexos. | ||
| 505 | _aNormativas vigentes del derecho castrense del Ejército de la República Dominicana -- Comparación de las normas legales que sustentan el derecho castrense en las Fuerzas Armadas de Colombia, México, Guatemala y Ecuador -- Propuesta de modificación a las normas de derecho militar de acuerdo con las necesidades actuales. | ||
| 520 | _aEsta investigación, titulada Propuesta de actualización de Normativas que sustentan al Derecho Castrense en República Dominicana, en aplicación al Ejercito de la República Dominicana (ERD), aborda la urgente necesidad de modernizar el marco jurídico que rige a las Fuerzas Armadas dominicana. Su objetivo general fue desarrollar propuestas concretas para adecuar dichos derecho castrense a los requerimientos operativos y estratégicos actuales y futuros del Ejercito, potenciando su capacidad de respuesta ante los desafíos contemporáneos. Metodológicamente, se adopto un diseño no experimental y descriptivo, utilizando un razonamiento inductivo para analizar datos y observaciones sobre normativas castrenses nacionales e internacionales. La investigación fue de tipo cualitativa, centrada en el análisis de textos jurídicos, entrevistas a expertos en derecho militar y comparaciones de sistemas normativos. Entre los resultados más relevantes se encontró que el marco legal vigente esta fragmentado y obsoleto, con un Código de Justicia Militar de 1953 que carece de garantías procesales modernas y no tipifica delitos como la ciberdelincuencia, dejando al ERD expuesto. La superposición de funciones entre la Procuraduría General y el Ministerio Público Militar, junto con la estancada Reforma Legislativa, comprometen la eficiencia y la protección de derechos. Se concluye que una Reforma es imperativa para garantizar la independencia judicial, incorporar figuras delictivas emergentes y adoptar protocolos para operaciones hibridas, ciberdefensa y una mejor coordinación interinstitucional, asegurando que el ERD pueda defender eficazmente la integridad territorial frente a amenazas como la migración ilegal y masiva y el crimen transnacional. | ||
| 650 | 7 |
_2lemb _aDerecho militar _vTesis y disertaciones académicas _xLegislación _xDerecho comparado _ySiglo XXI _zRepública Dominicana |
|
| 650 | 7 |
_2lemb _aDerecho militar _vTesis y disertaciones académicas _xLegislación comparada _xFuerzas armadas _ySiglo XXI _zColombia _zMéxico _zGuatemala _zEcuador |
|
| 700 | 1 |
_aColas, Adicknson _esustentante |
|
| 700 | 1 |
_aBocio Familia, Joaquincito _easesor de contenido |
|
| 700 | 1 |
_aAguiar, David _easesor metodológico |
|
| 942 |
_2CL _cT |
||
| 999 |
_c8735 _d8735 |
||